Manageor (Record no. 56229)

MARC details
000 -LEADER
fixed length control field 00637nam a22002177a 4500
007 - PHYSICAL DESCRIPTION FIXED FIELD--GENERAL INFORMATION
fixed length control field 00
008 - FIXED-LENGTH DATA ELEMENTS--GENERAL INFORMATION
fixed length control field 170424b xxu||||| |||| 00| 0 eng d
020 ## - INTERNATIONAL STANDARD BOOK NUMBER
International Standard Book Number 2-10-048906-2
040 ## - CATALOGING SOURCE
Original cataloging agency BUAC
Transcribing agency BUC
041 ## - LANGUAGE CODE
Language code of text/sound track or separate title Fre.
100 ## - MAIN ENTRY--PERSONAL NAME
Personal name BARABEL, Michel
245 ## - TITLE STATEMENT
Title Manageor
Statement of responsibility, etc / par Michel BARABEl, Olivier MEIER
260 ## - PUBLICATION, DISTRIBUTION, ETC. (IMPRINT)
Place of publication, distribution, etc Paris :
Name of publisher, distributor, etc Dunod,
Date of publication, distribution, etc 2006.
300 ## - PHYSICAL DESCRIPTION
Extent 884 p.
Dimensions 24 cm.
440 ## - SERIES STATEMENT/ADDED ENTRY--TITLE
Title (Les meilleures pratiques du management)
500 ## - GENERAL NOTE
General note Bibliogr. : pp. (849-880) ; Index : pp. (881-884)
630 ## - SUBJECT ADDED ENTRY--UNIFORM TITLE
Uniform title SCIENCES APPLIQUEES ET TECHNIQUES
650 ## - SUBJECT ADDED ENTRY--TOPICAL TERM
Topical term or geographic name as entry element MARKETING ; GESTION
700 ## - ADDED ENTRY--PERSONAL NAME
Personal name MEIER, Olivier
942 ## - ADDED ENTRY ELEMENTS (KOHA)
Item type Libre Accès
Holdings
Withdrawn status Lost status Damaged status Not for loan Location (home branch) Sublocation or collection (holding branch) Shelving location Date acquired Source of acquisition Coded location qualifier Koha issues (times borrowed) Koha full call number Piece designation (barcode) Koha date last seen Copy number Price effective from Koha item type
        Bibliothèque Universitaire Centrale Bibliothèque Universitaire Centrale   28/10/2016 Don ABAR 16/1624   65.012.4 BAR 16-1624Buc 24/04/2017 1 24/04/2017 Libre Accès
        Bibliothèque Universitaire Centrale Bibliothèque Universitaire Centrale   28/10/2016 Don ABAR 16/1623   65.012.4 BAR 16-1623Buc 24/04/2017 2 24/04/2017 Libre Accès
        Bibliothèque Universitaire Centrale Bibliothèque Universitaire Centrale   11/09/2017 don ABAR 16/1951   658.8 BAR 16-1951Buc 11/09/2017 3 11/09/2017 Livre


© 2008, Bibliothèques de l'Université d'Abomey-Calavi

04 BP 789 Cotonou, Tél. : +229 21 36 01 01, Fax : +229 21 35 06 32

Courriel : bu@bu.uac.bj